| 000 | 00750nam a22001937a 4500 | ||
|---|---|---|---|
| 999 |
_c15679 _d15679 |
||
| 003 | AR-CdUCM | ||
| 008 | 190429b ||||| |||| 00| 0 spa d | ||
| 040 |
_aMUNICIPALIDAD PROVINCIAL DEL CUSCO _cBIBLIOTECA MUNICIPAL DEL CUSCO |
||
| 082 |
_a343.5 / _bE38 / 1963 |
||
| 245 |
_aElecciones : _bley N°14. 852 / |
||
| 260 |
_aLima : _bGutenberg, _c1963. |
||
| 300 |
_a80 páginas ; _c25 cm. |
||
| 505 | _aContenido: La nueva ley de elecciones -- La ley de elecciones y sus modificaciones -- La nueva reforma electoral -- Ley general de elecciones (N°14.852)... | ||
| 650 |
_aConstitución del Perú _929936 |
||
| 650 |
_aElecciones en el Perú _934831 |
||
| 650 |
_aLey general de elecciones _934832 |
||
| 942 |
_2ddc _cLIBROS |
||
| 945 |
_aacv _d2019-04-29 |
||